| 000 | 01187cam a22003257a 4500 | ||
|---|---|---|---|
| 003 | CHAP | ||
| 005 | 20220329141421.0 | ||
| 008 | 971013s1982 r 00010 d | ||
| 010 | _a67802 | ||
| 011 | _a68774 | ||
| 035 | _a78248 | ||
| 040 | _cCHAP | ||
| 090 | _aTesis | ||
| 100 | 0 | 0 |
_aGuevara González, Jesús Alberto. _951309 |
| 245 | 0 | _aResúmen de información sobre deficiencias y toxicidades de minerales en el área de Nuevo León y rcomendaciones para su uso y divulgación | |
| 260 |
_a[Monterrey, N. L.] : _bEl autor, _c1982 |
||
| 300 |
_a80 h. _b; mapas |
||
| 502 | _aTesis (Ing. Agrónomo Zootecnista) -- ITESM. División de Ciencias Agropecuarias y Marítimas | ||
| 590 |
_aALEPH _b10 _c20130110 _lUCH01 _h1403 |
||
| 590 |
_aBATCH-UPD _b10 _c20130110 _lUCH01 _h0518 |
||
| 590 |
_aBATCH-UPD _b10 _c20130410 _lUCH01 _h0157 |
||
| 590 |
_aBATCH-UPD _b10 _c20130914 _lUCH01 _h1529 |
||
| 590 |
_aCONVERSION _b10 _c20130109 _lUCH01 _h1337 |
||
| 650 | 1 | 4 |
_aGanado vacuno _xNuevo León. _945497 |
| 650 | 1 | 4 |
_aGanado vacuno _xNutrición. _945498 |
| 650 | 1 | 4 |
_aMinerales en nutrición animal. _975937 |
| 901 | _aBK | ||
| 942 | _cTESIS | ||
| 949 |
_bBC _cTES _d-31122 _eTS1 _h18350 _i78248 _si |
||
| 999 |
_c67802 _d67802 |
||